[Event "South African op"]
[Site "Cape Town"]
[Date "2022.07.15"]
[Round "8"]
[White "Levin, Benny"]
[Black "Mumba Elijah"]
[Result "1/2-1/2"]
[WhiteElo "1619"]
[BlackElo "1859"]
[PlyCount "54"]
[EventDate "2022.07.09"]
[EventType "swiss"]
[EventRounds "11"]
[EventCountry "RSA"]
[SourceTitle "CBM 209 Extra"]
[Source "ChessBase"]
[SourceDate "2022.09.30"]
[SourceVersion "1"]
[SourceVersionDate "2022.09.30"]
[SourceQuality "1"]

1. d4 d5 2. e3 e6 3. Bd3 c6 4. Ne2 f5 5. 0-0 Nf6 6. b3 Qa5 7. Bb2 Be7 8. a3 0-0 9. c4 Qc7 10. f3 Bd6 11. g3 Qe7 12. c5 Bc7 13. f4 Ne4 14. Bc1 Nf6 15. Nd2 Ne4 16. Nf3 Bd7 17. Bb2 Rf6 18. Kg2 Rh6 19. h4 Be8 20. Rh1 Bh5 21. Bc3 Nxc3 22. Nxc3 Nd7 23. Be2 Nf6 24. Ng5 Ng4 25. Qd2 Rg6 26. b4 h6 27. Nf3 a6 1/2-1/2